Love Island International Part 2-Europe - Statistics

General Stats
  • This quiz has been taken 13 times
  • The average score is 91 of 452
Answer Stats
Hint Answer % Correct
GER1 Elena Miras
80%
GER1 Chethrin Schulze
60%
GER2 Marcellino Kremers
60%
GER3 Melissa Damilia
60%
GER1 Mike Heiter
60%
GER4 Sandra Janina
60%
GER3 Aleksandar Petrovic
40%
POL3 Aleksandra Daniel
40%
GER1 Alina Gogel
40%
GER3 Amin Elkach
40%
GER1 Andre Schimmel
40%
GER4 Anna Ifflander
40%
GER1 Annika Zschuppe
40%
GER1 Anthony Schirru
40%
GER4 Aurelia Lamprecht
40%
GER2 Babak Cheragphour
40%
GER4 Chiara Antonella
40%
GER3 Dana Feist
40%
GER1 Daniel Zeleny
40%
GER3 Danilo Cristilli
40%
GER3 Dennis Glanz
40%
GER3 Dijana Cvijetic
40%
GER1 Donna Adrienne
40%
GER2 Finnja Bunhove
40%
GER4 Henrik Stoltenberg
40%
GER2 Janina Jahn
40%
GER2 Janine Eibner
40%
GER2 Jessica Fiorini
40%
GER2 Joana Palmera
40%
GER1 Julian Diebold
40%
GER3 Julia Oemler
40%
GER1 Katrina Drake
40%
GER3 Laura Lettgen
40%
GER3 Lina Schrader
40%
GER2 Lisa Thiel
40%
GER4 Luca Wetzel
40%
GER3 Marcel Avdic
40%
GER1 Marvin Kaspar
40%
GER1 Mechelle Shivers
40%
GER4 Melina Hoch
40%
GER3 Mischa Mayer
40%
GER3 Mustafa Musti
40%
GER2 Natascha Beil
40%
GER3 Philipp Laicher
40%
GER3 Ricarda Raatz
40%
GER2 Richard Heinze
40%
GER1 Robin Cortez
40%
ESP2 Ruth Roman
40%
GER2 Sabrina Doberstein
40%
GER1 Sabrina Jamnik
40%
GER3 Samira Berkane
40%
GER3 Sidney Wolf
40%
GER1 Silvain Wirkus
40%
GER1 Stephanie Schmitz
40%
GER2 Till Adam
40%
GER2 Tobias Wegener
40%
GER2 Tracy Candela
40%
GER2 Victor Seitz
40%
GER3 Vivien Michalla
40%
GER2 Yanik Strunkey
40%
POL3 Adam Kin
20%
POL1 Ada Sledz
20%
POL6 Ada Smialkowska
20%
ESP1 Adele Noemi
20%
GER2 Adnir Sellimagic
20%
ESP1 Adonis Ramirez
20%
POL4 Adrian Korakiewicz
20%
POL2 Adrianna Gotowicka
20%
GER5 Adriano Monaco
20%
GER7 Adriano Salvaggio
20%
POL4 Adrian Wdowiak
20%
POL1 Agnieszka Boryn
20%
POL5 Agnieszka Kozielska
20%
ESP2 Alan Alambo
20%
ESP2 Alberto Montelego
20%
POL5 Aleksandra Fudala
20%
POL4 Aleksandra Jakobcyzk
20%
POL2 Aleksandra Kotowska
20%
POL2 Aleksandra Malinowska
20%
POL3 Aleksandra Nowicka
20%
POL4 Aleksandra Strek
20%
POL6 Aleksandr Muzheiko
20%
GER5 Alex Born
20%
ESP1 Alex Mislata
20%
POL1 Alex Morzynska
20%
POL2 Alicja Blaszczyk
20%
POL2 Alicja Kolasinska
20%
POL6 Alicja Pieniazek
20%
GER5 Amadu Habama
20%
GER6 Andrina Santoro
20%
POL4 Andrzej Brzezinski
20%
POL4 Andrzej Majchrzak
20%
ESP2 Andy Fernandez
20%
POL3 Aneta Lukasiak
20%
POL3 Angela Danczak
20%
POL4 Angelika Kramer
20%
POL4 Angelika Sekowska
20%
GER5 Angelina Kireev
20%
GER6 Angelina Ratko
20%
POL6 Angelina Zaichenko
20%
ESP1 Angel Segui
20%
POL3 Ania Burska
20%
POL5 Ania Wozniak
20%
POL4 Arek Kapuscinski
20%
ESP2 Ariadna Lopez
20%
ESP2 Aroa Navarro
20%
POL3 Arsen Sliwinski
20%
GER3 Asena Neuhoff
20%
ESP2 Aurora Nicorici
20%
POL1 Bartlomiej Bielanski
20%
POL2 Bartlomiej Maroszek
20%
GER1 Bastian Lee
20%
POL1 Beata Grucela
20%
ESP1 Beatrix Kante
20%
GER5 Bianca Balintffy
20%
GER7 Bocc Baybora
20%
GER5 Breno Alonso
20%
POL4 Bruno Swiderski
20%
GER7 Bucci Yok
20%
GER7 Carina Aki
20%
ESP1 Carla Cabrera
20%
ESP2 Carlos Lopez
20%
ESP2 Carmen Sanchez
20%
POL3 Caroline Juchniewicz
20%
ESP1 Celia Zanon
20%
GER7 Chris Jebens
20%
GER5 Christian Haxxy
20%
GER2 Christophe Putz
20%
GER7 Cindy Celine
20%
ESP1 Curro Sanchez
20%
ESP1 Cynthia Chen-Benito
20%
POL3 Czarek Mroczkowski
20%
POL1 Damian Habiera
20%
POL3 Daniel Kosiorek
20%
POL5 Daniel Majewski
20%
GER7 Daniel Martos
20%
POL6 Daniel Rozanski
20%
POL4 Dawid Roszak
20%
POL3 Dawid Zadrowski
20%
ESP2 Deimante Samajauskaite
20%
GER3 Denisa Magdalena
20%
GER6 Dennis Felber
20%
GER5 Dennis Prs
20%
GER6 Domenik Forster
20%
POL3 Dominika Wrobell
20%
POL2 Dominik Grot
20%
POL1 Dominik Maj
20%
POL1 Dominik Sucharski
20%
GER6 Dominik Winter
20%
ESP2 Eder Cerro
20%
POL4 Edyta Marciniuk
20%
GER5 Emilia Wue
20%
GER3 Erik Rial
20%
ESP2 Felipe Neri
20%
GER5 Finn Emma
20%
ESP1 Fiona Garcia
20%
GER5 Florian Tista
20%
GER5 Francesco Gii
20%
POL1 Franciszek Rumak
20%
GER6 Franziska Chirok
20%
GER1 Franziska Dahl
20%
GER5 Fynn Kunz
20%
CS1 Gabriella Gasparova
20%
ESP2 Gabriel Vidal
20%
GER4 Geraldine Grunow
20%
GER4 Giulio Ehses
20%
GER5 Greta Engelfried
20%
GER6 Heike Gloe
20%
POL2 Igor Lubkowski
20%
POL6 Inez Sadkowska
20%
GER7 Inna Persiki
20%
GER6 Isabell Kremer
20%
POL5 Iwona Kuczera
20%
POL4 Iwonna Stypula
20%
POL5 Jakub Castillo
20%
POL6 Jakub Grabarek
20%
POL6 Jakub Swider
20%
GER6 Jannik Driever
20%
CS1 Jan Petrzel
20%
GER1 Jan Sokowlowsky
20%
GER7 Jendrik Buescher
20%
GER6 Jennifer Degenhart
20%
GER7 Jennifer Iglesias
20%
POL3 Jeremiasz Buchali
20%
GER6 Jessica Gjata
20%
GER7 Jessica Wagner
20%
ESP1 Jesus Palacios
20%
GER4 Jolene Celine
20%
ESP1 Jose Ortiiz
20%
ESP2 Jose Ruiz
20%
POL5 Josie Kwasniewska
20%
GER4 Josua Gunther
20%
ESP1 Jovan Soto-Lorca
20%
ESP2 Juanvi Guaita
20%
GER2 Julia Eliana
20%
POL5 Julia Muller
20%
POL2 Julia Nowakowski
20%
GER4 Julia Schwab
20%
GER5 Julia Wurzinger
20%
POL4 | POL5 Jurek Drozdowski
20%
GER6 Kaan Nugi
20%
POL4 Kacper Grzeszczak
20%
POL5 Kamila Rumin
20%
POL2 Kamil Nicalek
20%
POL6 Kamil Rybek
20%
POL1 Karina Taravska
20%
POL2 Karolina Khalegi
20%
POL6 Karolina Radziszewska
20%
POL2 Karol Malkowski
20%
ESP2 Katherine Ebh
20%
GER5 Kathi Neher
20%
GER6 Kendra Bay
20%
GER4 Kevin Zotter
20%
GER6 Kinan Wahbeh
20%
POL6 Klaudia Bogumil
20%
POL4 Klaudia Gronowska
20%
POL5 Klaudia Kaluzna
20%
POL6 Konrad Przenioslo
20%
POL5 Konrad Sjoberg
20%
POL2 Kornelia Welpa
20%
POL5 Kuba Galica
20%
GER7 Lara Barbosa
20%
ESP2 Lara Salmeron
20%
CS1 Laura Chrebetova
20%
NL1 Laura Karolina
20%
GER4 Laura Mania
20%
POL3 Laura Sieka
20%
POL5 Laura Wolny
20%
POL4 Laura Zawadzka
20%
GER6 Lena Schiwiora
20%
GER7 Leona Cathrina
20%
GER7 Leon Hettwer
20%
GER5 Leo Schneider
20%
GER1 Linda Black
20%
GER6 Lisa Gaul
20%
GER3 Lisa Saxony
20%
GER5 Livia Piot
20%
GER5 Liza Sawa
20%
ESP2 Lorena Hernandez
20%
POL5 Louise Berry
20%
ESP2 Luis Titans
20%
POL1 Lukasz Bajorek
20%
POL5 Lukasz Urbaniak
20%
POL1 Maciej Szewczyk
20%
POL3 | POL5 Maciek Dabrowski
20%
POL2 Magdalena Karwacka
20%
POL4 Magdalena Lichota
20%
POL3 Magda Sadto
20%
GER7 Mahdi Amegashie
20%
POL3 Marcin Czech
20%
POL1 Marcin Puciek
20%
ESP2 Marcos Dimnik
20%
GER4 Marc Zinnerman
20%
ESP2 Margarita Dezaparicio
20%
POL1 Marietta Fiedor
20%
ESP1 Marina Daza
20%
ESP1 Marina Rodriguez
20%
ESP1 Mario Moure
20%
GER7 Mark Bruns
20%
ESP1 Marta Amaros
20%
POL4 Marta Jureczko
20%
GER6 Martin Fuhsy
20%
CS1 Martin Kulhanek
20%
POL6 Mateusz Gorski
20%
POL3 Mateusz Kmiecik
20%
POL4 Mateusz Smorczewski
20%
POL3 Mateusz Zacharczuk
20%
POL3 Matt Starkowski
20%
GER6 Maurice Dziwak
20%
GER6 Maurice Spada
20%
ESP2 Mauricio Miguenz
20%
GER4 Max Bartel
20%
GER4 Melanie Molcnio
20%
GER4 Melvin Pelzer
20%
GER6 Michael Ike
20%
POL2 Michal Dryja
20%
POL5 Michal Galka
20%
POL3 Michal Wilczynski
20%
GER1 Midi Mii
20%
ESP1 Miguel Lopez
20%
ESP1 Miguel López
20%
ESP2 Mikaela Rivera
20%
POL2 | POL5 Mikolaj Ciesla
20%
POL1 Mikolaj Jedruszczak
20%
GER4 Mila Cipa
20%
POL5 Milena Sienkiewicz
20%
ESP2 Mirella Medina
20%
POL2 Misak Chaczatrjan
20%
ESP2 Monica Portilla
20%
POL1 Monika Kozakiewicz
20%
GER4 Murat Uuran
20%
POL3 Natalia Kacprzyk
20%
POL6 Natalia Lempicka
20%
POL2 Natalia Lieber
20%
POL5 Natalia Szulborska
20%
POL6 Natalia Wydrzynska
20%
POL3 Natasha Van Vliet
20%
GER4 Nathalia Goncalves
20%
ESP1 Nathalya Monyck
20%
GER4 Nele Lilemor
20%
GER5 Nicole Morena
20%
GER7 Nico Miller
20%
CS1 Nikol Treteratova
20%
POL4 Ola Tomala
20%
POL5 Oliwia Chomentowska
20%
POL1 Oliwia Gorecka
20%
POL2 Oliwia Knapek
20%
POL1 Oliwia Miskiewicz
20%
ESP1 Pablo Benito
20%
GER5 Paco Harb
20%
ESP2 Paola Cerron
20%
POL5 Patrycja Izydorczyk
20%
POL4 Patrycja Walczak
20%
POL4 Patryk Kumanski
20%
POL6 Patryk Piechocki
20%
POL6 Patryk Struzynska
20%
POL6 Paula Wilk
20%
POL4 Pauline Szczuc
20%
POL6 Pawel Hys
20%
POL6 Pawel Michalski
20%
POL6 Pawel Pospiech
20%
POL1 Pawel Tyburski
20%
ESP1 Pedro Febrero
20%
CS1 Petr Havranek
20%
GER6 Philipp Orthi
20%
GER4 Pia Jung
20%
POL3 | POL5 Piotr Jakimczuk
20%
POL6 Piotr Nowakowski
20%
POL3 Piotr Szczurek
20%
POL1 Piotr Tyburski
20%
POL5 Radek Filipczak
20%
POL2 | POL5 Rafal Pietrzak
20%
ESP2 Rafa Ros
20%
ESP1 Ricky Constantino
20%
POL5 Robert Pietrek
20%
GER6 Robin Wii
20%
POL6 Roksana Nitarska-Wojcik
20%
POL5 Roksana Tasiemska
20%
GER3 Roman Duncenko
20%
ESP2 Ruben Cons
20%
GER2 Sabi Re
20%
POL3 Sandra Buczmy
20%
POL5 Sandra Kruz
20%
GER7 Sandrine Schlotterbeck
20%
GER7 Sanne Hagen
20%
POL6 Sara Ciula
20%
GER6 Sarah Bliny
20%
ESP1 Saul Braco
20%
ESP2 Saul Peregrina
20%
POL6 Sebastian Kalinowski
20%
GER2 Sebastien Kogl
20%
GER6 Selina Ariarova
20%
POL5 Sidiki Coulibaly
20%
GER6 Sina Elisa
20%
GER1 Slei Vorbei
20%
POL3 Stella Staniszewska
20%
POL1 Sylwia Madenska
20%
POL4 Szymon Pytlewicz
20%
GER4 Tim Kuehnel
20%
GER5 Timon Gommer
20%
GER4 Tobias Pietrek
20%
CS1 Tomas Cesh
20%
ESP2 Tomas Gomez
20%
GER7 Tommy Schoppa
20%
GER7 Vanessa Kovtun
20%
GER7 Vanessa Leani
20%
CS1 Viktoria Niang
20%
CS1 Vilda Sir
20%
POL4 Violetta Pyzik
20%
POL3 Waleria Szewczyk
20%
POL6 Weronika Bolchajmer
20%
POL6 Weronika Piatek
20%
POL4 Wiktor Biernacki
20%
POL6 Wiktoria Reglinska
20%
POL5 Wlodek Troszyn
20%
POL4 Wojtek Rusek
20%
ESP2 Yaiza Cabellot
20%
ESP1 Yaiza Magar
20%
GER3 Yasin Yilmaz
20%
ESP1 Yazmina Marti
20%
POL3 Zera Ahmedova
20%
NL1 Ziggy Martin
20%
NL1 Alicia Duran Gomez
0%
NL2 Ali Rosse
0%
NL2 Carlyn Huiskes
0%
NL1 Cheyenne Ciani
0%
NL2 Chloe Keizer
0%
CS1 Daniel Krucay
0%
NL1 Daniel van Pienbroek
0%
NL2 Deniz Mollen
0%
NL2 Dennis Bakker
0%
NL2 Donny Sanchez
0%
NL2 Esmee Cox
0%
CS1 Filip Chabreckova
0%
NL1 Floor Masselink
0%
NL2 Francesco D'Aquino
0%
NL1 Gabriella Goncalves
0%
NL2 Gwin Dough
0%
POL5 Helena Rotoman
0%
NL1 Jaap de Greef
0%
NL2 Jamayma Verhoeve
0%
NL1 Jamey Raas
0%
NL2 Jarell Lopulalan
0%
NL2 Jeffrey Vernooij
0%
NL2 Jim Klaveren
0%
NL2 Job Stevens
0%
NL2 Joey Lauhouh
0%
NL2 Justin Alexandre
0%
NL2 Koen Maijers
0%
NL1 Lisa van Zuylen
0%
NL2 Loesje Rambaldo
0%
NL1 Luca Derrin
0%
NL2 Luna Duindam
0%
NL1 Mac McAdam
0%
CS1 Marketa Chytilova
0%
NL1 Max van Delft
0%
NL1 Melody Vroom
0%
NL2 Minn Muensa
0%
CS1 Mirka Pikolova
0%
CS1 Mishala Orth
0%
POL4 Monika Zielanska
0%
NL2 Morris Mojito
0%
CS1 Naomi Adachi
0%
NL1 Natascha de Kinderen
0%
CS1 Nathan Cristian
0%
NL1 Nick van Volen
0%
NL2 Nina Savanet
0%
CS1 Patrik Csesznok
0%
NL2 Paulo Lopes
0%
CS1 Petr Gebauer
0%
NL2 Raina Gija
0%
NL1 Ray Drisdale
0%
NL1 Ricardo Coopman
0%
NL2 Rosa Mol
0%
NL2 Rowena Van der Linden
0%
CS1 Samuel Krucay
0%
NL2 Sandra Keur
0%
NL2 Sarah Mooy
0%
NL1 Sha Senior
0%
CS1 Simona Balgova
0%
CS1 Tereza Lojkaskova
0%
NL1 Thijs Bouma
0%
CS1 Vaclav Vasicek
0%
NL1 Valerie van Zandvoort
0%
NL1 Victoria Vermeer
0%
CS1 Viviane Terschawetz
0%
NL2 Yasmin Bran Breevoort
0%
No matching quizzes found
Score Distribution
Percent of People with Each Score
Percentile by Number Answered
Your Score History
You have not taken this quiz